ZVÁRANIE 2011 : XXXIX. medzinárodná konferencia .Zborník prednášok. 09. - 11. november 2011, Tatranská Lomnica, Vysoké Tatry, SR

Salvato in:
Dettagli Bibliografici
Natura: Libro
Pubblicazione: Bratislava : Slovenská zváračská spoločnosť, 2011
Tags: Aggiungi Tag
Nessun Tag, puoi essere il primo ad aggiungerne!!

MARC

LEADER 00000nam a22000003a 4500
001 stu239679
005 20150408165239.5
008 111206s2011----xo----------------------d
020 |a 978-80-89296-14-9 
040 |a STU  |b slo 
041 0
044 |a xo 
245 |a ZVÁRANIE 2011 :  |b XXXIX. medzinárodná konferencia .Zborník prednášok. 09. - 11. november 2011, Tatranská Lomnica, Vysoké Tatry, SR 
260 |a Bratislava :  |b Slovenská zváračská spoločnosť,  |c 2011 
300 |a CD ROM 
996 |b 284M080474  |c M*CD-2034  |l MMKN  |s A  |a 24  |w stu239679_0001 
996 |b 284M080475  |c M*Z-3776  |l MMKN  |s A  |a 24  |w stu239679_0002